| 000 | 00808cam a22002893a 4500 | ||
|---|---|---|---|
| 001 | 13722 | ||
| 003 | PGUSA | ||
| 005 | 20140828083308.0 | ||
| 008 | 041012s2004||||xxu|||||s|||||000 | eng d | ||
| 040 |
_aPGUSA _beng |
||
| 042 | _adc | ||
| 050 | 4 | _aHQ | |
| 100 | 1 |
_aScharlieb, Mary, _d1845-1930 |
|
| 245 | 1 | 0 |
_aYouth and Sex : _bDangers and Safeguards for Girls and Boys _h[electronic resource] / _cMary Scharlieb |
| 260 |
_bProject Gutenberg, _c2004 |
||
| 506 | _aPublic domain in the USA. | ||
| 516 | _aElectronic text | ||
| 653 | _aSex (Psychology) | ||
| 653 | _aMoral conditions | ||
| 653 | _aChild psychology | ||
| 653 | _aSexual ethics | ||
| 653 | _aAdolescence | ||
| 653 | _aYouth | ||
| 830 | 0 |
_aProject Gutenberg _v13722 |
|
| 856 | 4 | 0 | _uhttp://www.gutenberg.org/ebooks/13722 |
| 942 | _cEB | ||
| 999 |
_c242977 _d242977 |
||